| 000 | 00978nam0a2200301 4500 | ||
|---|---|---|---|
| 001 | RU\NLR\BIBL_A\011530261 | ||
| 005 | 20260406153645.0 | ||
| 021 |
_aRU _b2017-80842 _95770 |
||
| 035 | _a(RuMoRGB)009431820 | ||
| 035 | _a(NLR Aleph) 011530261 | ||
| 090 |
_a12141911 _c12141911 |
||
| 100 | _a20171120d2017 u y0rusy50 ca | ||
| 101 | 0 | _arus | |
| 102 | _aRU | ||
| 105 | _aa|||zzzz000 y | ||
| 200 | 1 |
_aЖенькина война _eповесть для кино _fЮрий Чичев |
|
| 210 |
_aМосква _cАрт-Полиграфия _d2017 |
||
| 215 |
_a109, [2] с. _d20 |
||
| 300 | _aИздано на средства авт. | ||
| 686 |
_aШ5(2=Р)75-668 _2rubbk |
||
| 686 | 2 | _aШ6(2=Р)8-68 | |
| 686 | 1 | _aЩ374.9(2)"Женькина война" | |
| 700 | 1 |
_7ca _8rus _aЧичев _bЮ. И. _f1938- _gЮрий Иванович _9116445 _3RU\NLR\AUTH\776491 |
|
| 942 | _cBOOK | ||
| 980 | _aNBR | ||